[Event "ODJM C 2025"]
[Site "Willingen GER"]
[Date "2025.06.12"]
[Round "7"]
[White "Prokscha, Marlene"]
[Black "Kasten, Luna Seraphine"]
[Result "1-0"]
[Termination "normal"]
[Board "14"]
[WhiteElo "1560"]
[BlackElo "1409"]
[WhiteClock "00:35:48"]
[BlackClock "01:05:37"]
[PlyCount "115"]
[WhiteFideId "34631291"]
[BlackFideId "34681639"]
[EventCountry "GER"]
[EventRounds "9"]
[EventType "swiss"]
[EventDate "2025.06.07"]

1. d4 {[%clk 01:30:57]} {[%emt 00:00:03]} c6 {[%clk 01:30:53]} {[%emt
00:00:07]} 2. c4 {[%clk 01:30:28]} {[%emt 00:00:58]} d5 {[%clk 01:31:14]}
{[%emt 00:00:09]} 3. Nf3 {[%clk 01:29:28]} {[%emt 00:01:31]} Bg4 {[%clk
01:31:24]} {[%emt 00:00:19]} 4. Ne5 {[%clk 01:27:57]} {[%emt 00:02:02]} Nf6
{[%clk 01:31:07]} {[%emt 00:00:47]} 5. Nxg4 {[%clk 01:27:31]} {[%emt 00:00:56]}
Nxg4 {[%clk 01:31:20]} {[%emt 00:00:17]} 6. e3 {[%clk 01:27:51]} {[%emt
00:00:11]} Nf6 {[%clk 01:30:54]} {[%emt 00:00:54]} 7. Nc3 {[%clk 01:27:04]}
{[%emt 00:01:17]} e6 {[%clk 01:30:44]} {[%emt 00:00:40]} 8. Bd3 {[%clk
01:27:04]} {[%emt 00:00:30]} Bb4 {[%clk 01:30:21]} {[%emt 00:00:53]} 9. Bd2
{[%clk 01:26:22]} {[%emt 00:01:12]} Nbd7 {[%clk 01:30:01]} {[%emt 00:00:50]}
10. O-O {[%clk 01:25:56]} {[%emt 00:00:57]} O-O {[%clk 01:30:22]} {[%emt
00:00:08]} 11. Re1 {[%clk 01:14:14]} {[%emt 00:12:12]} Bd6 {[%clk 01:28:38]}
{[%emt 00:02:14]} 12. e4 {[%clk 01:07:12]} {[%emt 00:07:33]} Re8 {[%clk
01:27:54]} {[%emt 00:01:13]} 13. e5 {[%clk 01:06:38]} {[%emt 00:01:05]} Be7
{[%clk 01:27:24]} {[%emt 00:01:00]} 14. exf6 {[%clk 01:06:49]} {[%emt
00:00:18]} Bxf6 {[%clk 01:27:02]} {[%emt 00:00:53]} 15. Be3 {[%clk 01:00:50]}
{[%emt 00:06:29]} Rc8 {[%clk 01:26:39]} {[%emt 00:00:52]} 16. Rc1 {[%clk
00:54:46]} {[%emt 00:06:34]} c5 {[%clk 01:26:43]} {[%emt 00:00:27]} 17. dxc5
{[%clk 00:50:33]} {[%emt 00:04:43]} Nxc5 {[%clk 01:26:19]} {[%emt 00:00:53]}
18. cxd5 {[%clk 00:50:09]} {[%emt 00:00:54]} Nxd3 {[%clk 01:25:30]} {[%emt
00:01:19]} 19. Qxd3 {[%clk 00:50:08]} {[%emt 00:00:31]} Bxc3 {[%clk 01:23:08]}
{[%emt 00:02:53]} 20. Rxc3 {[%clk 00:49:33]} {[%emt 00:01:05]} exd5 {[%clk
01:22:11]} {[%emt 00:01:26]} 21. Rxc8 {[%clk 00:49:24]} {[%emt 00:00:39]} Qxc8
{[%clk 01:22:18]} {[%emt 00:00:23]} 22. Qxd5 {[%clk 00:49:40]} {[%emt
00:00:15]} Rd8 {[%clk 01:21:28]} {[%emt 00:01:19]} 23. Qc5 {[%clk 00:49:43]}
{[%emt 00:00:28]} Qd7 {[%clk 01:21:26]} {[%emt 00:00:32]} 24. h3 {[%clk
00:49:00]} {[%emt 00:01:13]} b6 {[%clk 01:17:38]} {[%emt 00:04:17]} 25. Qg5
{[%clk 00:44:47]} {[%emt 00:04:44]} f6 {[%clk 01:14:28]} {[%emt 00:03:40]} 26.
Qg3 {[%clk 00:42:56]} {[%emt 00:02:21]} Qa4 {[%clk 01:11:56]} {[%emt 00:03:00]}
27. Bh6 {[%clk 00:40:48]} {[%emt 00:02:40]} g6 {[%clk 01:09:06]} {[%emt
00:03:20]} 28. Qc7 {[%clk 00:36:57]} {[%emt 00:04:21]} Qd7 {[%clk 01:08:02]}
{[%emt 00:01:32]} 29. Re7 {[%clk 00:34:42]} {[%emt 00:02:46]} Qxc7 {[%clk
01:08:01]} {[%emt 00:00:31]} 30. Rxc7 {[%clk 00:35:07]} {[%emt 00:00:06]} g5
{[%clk 01:07:24]} {[%emt 00:01:07]} 31. Bg7 {[%clk 00:32:20]} {[%emt 00:03:17]}
Rd6 {[%clk 01:07:31]} {[%emt 00:00:22]} 32. Rxa7 {[%clk 00:32:26]} {[%emt
00:00:25]} h5 {[%clk 01:06:51]} {[%emt 00:01:09]} 33. b3 {[%clk 00:31:13]}
{[%emt 00:01:44]} Rc6 {[%clk 01:06:16]} {[%emt 00:01:03]} 34. g3 {[%clk
00:30:51]} {[%emt 00:00:53]} g4 {[%clk 01:04:38]} {[%emt 00:02:07]} 35. hxg4
{[%clk 00:30:47]} {[%emt 00:00:36]} hxg4 {[%clk 01:04:47]} {[%emt 00:00:19]}
36. Kg2 {[%clk 00:29:12]} {[%emt 00:02:07]} Kh7 {[%clk 01:04:25]} {[%emt
00:00:52]} 37. Bxf6+ {[%clk 00:29:34]} {[%emt 00:00:08]} Kg6 {[%clk 01:04:38]}
{[%emt 00:00:17]} 38. Bd4 {[%clk 00:29:45]} {[%emt 00:00:15]} Rd6 {[%clk
01:03:46]} {[%emt 00:01:25]} 39. Be3 {[%clk 00:30:05]} {[%emt 00:00:11]} Kf5
{[%clk 01:03:49]} {[%emt 00:00:26]} 40. Ra6 {[%clk 00:30:27]} {[%emt 00:00:08]}
Rc6 {[%clk 01:03:55]} {[%emt 00:00:24]} 41. Rxb6 {[%clk 00:30:48]} {[%emt
00:00:10]} Rxb6 {[%clk 01:04:06]} {[%emt 00:00:19]} 42. Bxb6 {[%clk 00:31:13]}
{[%emt 00:00:04]} Ke6 {[%clk 01:04:16]} {[%emt 00:00:20]} 43. a4 {[%clk
00:31:22]} {[%emt 00:00:22]} Kd6 {[%clk 01:04:33]} {[%emt 00:00:11]} 44. a5
{[%clk 00:31:49]} {[%emt 00:00:05]} Kc6 {[%emt 00:00:11]} 45. b4 {[%emt
00:00:04]} Kb5 {[%clk 01:04:32]} {[%emt 00:00:15]} 46. Bc5 {[%clk 00:32:13]}
{[%emt 00:00:06]} Ka6 {[%clk 01:04:02]} {[%emt 00:01:00]} 47. f3 {[%clk
00:32:38]} {[%emt 00:00:06]} gxf3+ {[%clk 01:04:24]} {[%emt 00:00:07]} 48. Kxf3
{[%clk 00:33:05]} {[%emt 00:00:03]} Kb7 {[%clk 01:04:34]} {[%emt 00:00:21]} 49.
g4 {[%clk 00:33:27]} {[%emt 00:00:08]} Kc7 {[%clk 01:04:47]} {[%emt 00:00:16]}
50. g5 {[%clk 00:33:54]} {[%emt 00:00:03]} Kd7 {[%clk 01:04:41]} {[%emt
00:00:37]} 51. a6 {[%clk 00:34:17]} {[%emt 00:00:07]} Ke6 {[%clk 01:04:55]}
{[%emt 00:00:15]} 52. a7 {[%clk 00:34:44]} {[%emt 00:00:04]} Kf5 {[%clk
01:05:01]} {[%emt 00:00:23]} 53. a8=Q {[%clk 00:35:06]} {[%emt 00:00:09]} Kxg5
{[%clk 01:05:24]} {[%emt 00:00:06]} 54. Qe4 {[%clk 00:35:19]} {[%emt 00:00:18]}
Kh5 {[%clk 01:05:14]} {[%emt 00:00:39]} 55. Qf4 {[%clk 00:35:33]} {[%emt
00:00:16]} Kg6 {[%clk 01:05:24]} {[%emt 00:00:20]} 56. Ke4 {[%clk 00:35:50]}
{[%emt 00:00:13]} Kg7 {[%clk 01:05:20]} {[%emt 00:00:30]} 57. Bf8+ {[%clk
00:35:25]} {[%emt 00:00:59]} Kg6 {[%clk 01:05:37]} {[%emt 00:00:13]} 58. Qf5#
{[%clk 00:35:48]} {[%emt 00:00:07]} 1-0

[Event "ODJM C 2025"]
[Site "Willingen GER"]
[Date "2025.06.12"]
[Round "7"]
[White "Christoffers, Julia Anne"]
[Black "Gakhov, Gabriel"]
[Result "0-1"]
[Termination "normal"]
[Board "15"]
[WhiteElo "1587"]
[BlackElo "1519"]
[WhiteClock "00:16:17"]
[BlackClock "00:48:56"]
[PlyCount "72"]
[WhiteFideId "16249895"]
[BlackFideId "533017875"]
[EventCountry "GER"]
[EventRounds "9"]
[EventType "swiss"]
[EventDate "2025.06.07"]

1. d4 {[%clk 01:30:59]} {[%emt 00:00:02]} d5 {[%clk 01:30:53]} {[%emt
00:00:07]} 2. Bf4 {[%clk 01:31:23]} {[%emt 00:00:05]} Nf6 {[%clk 01:31:16]}
{[%emt 00:00:08]} 3. Nf3 {[%clk 01:31:44]} {[%emt 00:00:09]} c5 {[%clk
01:31:40]} {[%emt 00:00:06]} 4. c3 {[%clk 01:24:23]} {[%emt 00:07:50]} c4
{[%clk 01:29:56]} {[%emt 00:02:14]} 5. e3 {[%clk 01:18:37]} {[%emt 00:06:16]}
Bf5 {[%clk 01:29:44]} {[%emt 00:00:42]} 6. Nbd2 {[%clk 01:18:26]} {[%emt
00:00:41]} Nc6 {[%clk 01:26:43]} {[%emt 00:03:31]} 7. Be2 {[%clk 01:18:13]}
{[%emt 00:00:44]} e6 {[%clk 01:26:17]} {[%emt 00:00:56]} 8. O-O {[%clk
01:17:19]} {[%emt 00:01:24]} Bd6 {[%clk 01:25:13]} {[%emt 00:01:33]} 9. Bg3
{[%clk 01:17:19]} {[%emt 00:00:30]} O-O {[%clk 01:24:58]} {[%emt 00:00:45]} 10.
Re1 {[%clk 01:13:27]} {[%emt 00:04:23]} b5 {[%clk 01:24:38]} {[%emt 00:00:50]}
11. b4 {[%clk 01:09:05]} {[%emt 00:04:51]} a5 {[%clk 01:24:30]} {[%emt
00:00:39]} 12. a4 {[%clk 01:04:58]} {[%emt 00:04:37]} Bxg3 {[%clk 01:21:06]}
{[%emt 00:03:52]} 13. hxg3 {[%clk 01:00:57]} {[%emt 00:04:32]} axb4 {[%clk
01:21:13]} {[%emt 00:00:24]} 14. axb5 {[%clk 00:57:49]} {[%emt 00:03:39]} bxc3
{[%clk 01:19:46]} {[%emt 00:01:55]} 15. bxc6 {[%clk 00:56:05]} {[%emt
00:02:15]} cxd2 {[%clk 01:20:05]} {[%emt 00:00:10]} 16. Qxd2 {[%clk 00:56:08]}
{[%emt 00:00:28]} Qb6 {[%clk 01:19:20]} {[%emt 00:01:15]} 17. Ne5 {[%clk
00:55:33]} {[%emt 00:01:05]} Rfd8 {[%clk 01:11:29]} {[%emt 00:08:13]} 18. Ra2
{[%clk 00:50:07]} {[%emt 00:06:04]} Ne4 {[%clk 01:09:52]} {[%emt 00:02:07]} 19.
Qb2 {[%clk 00:44:58]} {[%emt 00:05:39]} Qxb2 {[%clk 01:06:26]} {[%emt
00:03:55]} 20. Rxb2 {[%clk 00:45:23]} {[%emt 00:00:06]} f6 {[%clk 01:05:35]}
{[%emt 00:01:20]} 21. Nd7 {[%clk 00:40:44]} {[%emt 00:05:10]} Ra6 {[%clk
01:04:38]} {[%emt 00:01:26]} 22. c7 {[%clk 00:37:12]} {[%emt 00:04:03]} Rc8
{[%clk 01:04:44]} {[%emt 00:00:23]} 23. Rb8 {[%clk 00:36:10]} {[%emt 00:01:32]}
Nd6 {[%clk 01:01:01]} {[%emt 00:04:13]} 24. Nb6 {[%clk 00:33:11]} {[%emt
00:03:30]} Rf8 {[%clk 00:56:43]} {[%emt 00:04:47]} 25. Rxf8+ {[%clk 00:29:17]}
{[%emt 00:04:25]} Kxf8 {[%clk 00:56:05]} {[%emt 00:01:08]} 26. c8=Q+ {[%emt
00:02:14]} Nxc8 {[%clk 00:56:19]} {[%emt 00:00:03]} 27. Nxc8 {[%clk 00:28:13]}
{[%emt 00:00:03]} Ke8 {[%clk 00:56:36]} {[%emt 00:00:10]} 28. e4 {[%clk
00:22:34]} {[%emt 00:06:11]} Bxe4 {[%clk 00:54:54]} {[%emt 00:02:12]} 29. Nd6+
{[%clk 00:19:10]} {[%emt 00:03:55]} Rxd6 {[%clk 00:54:51]} {[%emt 00:00:32]}
30. Bxc4 {[%clk 00:18:56]} {[%emt 00:00:44]} dxc4 {[%clk 00:54:45]} {[%emt
00:00:36]} 31. Rxe4 {[%clk 00:19:23]} {[%emt 00:00:04]} c3 {[%clk 00:54:21]}
{[%emt 00:00:53]} 32. d5 {[%clk 00:17:54]} {[%emt 00:02:00]} Rxd5 {[%clk
00:54:01]} {[%emt 00:00:49]} 33. Rxe6+ {[%clk 00:18:05]} {[%emt 00:00:19]} Kd7
{[%clk 00:53:53]} {[%emt 00:00:38]} 34. Ra6 {[%clk 00:16:24]} {[%emt 00:02:12]}
c2 {[%clk 00:51:06]} {[%emt 00:03:17]} 35. Ra7+ {[%clk 00:16:28]} {[%emt
00:00:26]} Kc6 {[%clk 00:51:07]} {[%emt 00:00:28]} 36. Ra6+ {[%clk 00:16:17]}
{[%emt 00:00:41]} Kb5 {[%clk 00:48:56]} {[%emt 00:02:39]} 0-1

[Event "ODJM C 2025"]
[Site "Willingen GER"]
[Date "2025.06.12"]
[Round "7"]
[White "Lao, Theodora Siyuan"]
[Black "Stelter, Torge"]
[Result "1/2-1/2"]
[Termination "normal"]
[Board "16"]
[WhiteElo "1587"]
[BlackElo "1246"]
[WhiteClock "00:56:10"]
[BlackClock "01:30:09"]
[PlyCount "86"]
[WhiteFideId "34667547"]
[BlackFideId "533043698"]
[EventCountry "GER"]
[EventRounds "9"]
[EventType "swiss"]
[EventDate "2025.06.07"]

1. e4 {[%clk 01:30:59]} e5 {[%clk 01:31:00]} {[%emt 00:00:02]} 2. Nf3 {[%clk
01:31:20]} {[%emt 00:00:08]} Nc6 {[%clk 01:31:26]} {[%emt 00:00:04]} 3. Bc4
{[%clk 01:31:46]} {[%emt 00:00:04]} Bc5 {[%clk 01:31:51]} {[%emt 00:00:05]} 4.
c3 {[%clk 01:32:11]} {[%emt 00:00:05]} Nf6 {[%clk 01:32:14]} {[%emt 00:00:07]}
5. d4 {[%clk 01:32:33]} {[%emt 00:00:07]} exd4 {[%clk 01:32:34]} {[%emt
00:00:11]} 6. b4 {[%clk 01:32:55]} {[%emt 00:00:07]} Be7 {[%clk 01:32:29]}
{[%emt 00:00:36]} 7. Nxd4 {[%clk 01:32:26]} {[%emt 00:00:59]} Nxd4 {[%clk
01:32:55]} {[%emt 00:00:04]} 8. Qxd4 {[%clk 01:32:23]} {[%emt 00:00:32]} c6
{[%clk 01:32:38]} {[%emt 00:00:48]} 9. O-O {[%clk 01:31:56]} {[%emt 00:00:56]}
Qb6 {[%clk 01:32:36]} {[%emt 00:00:33]} 10. Qxb6 {[%clk 01:31:33]} {[%emt
00:00:52]} axb6 {[%clk 01:33:01]} {[%emt 00:00:06]} 11. Bg5 {[%clk 01:31:19]}
{[%emt 00:00:43]} Nxe4 {[%clk 01:32:14]} {[%emt 00:01:17]} 12. Bxe7 {[%clk
01:31:30]} {[%emt 00:00:19]} Kxe7 {[%clk 01:32:39]} {[%emt 00:00:06]} 13. Re1
{[%clk 01:31:50]} {[%emt 00:00:08]} d5 {[%clk 01:32:55]} {[%emt 00:00:16]} 14.
Bd3 {[%clk 01:31:58]} {[%emt 00:00:21]} Kd7 {[%clk 01:32:58]} {[%emt 00:00:28]}
15. Bxe4 {[%clk 01:31:57]} {[%emt 00:00:32]} dxe4 {[%clk 01:33:23]} {[%emt
00:00:03]} 16. Rxe4 {[%clk 01:32:15]} {[%emt 00:00:12]} Re8 {[%clk 01:33:44]}
{[%emt 00:00:10]} 17. Rxe8 {[%clk 01:32:10]} {[%emt 00:00:35]} Kxe8 {[%clk
01:34:11]} {[%emt 00:00:03]} 18. f4 {[%clk 01:31:30]} {[%emt 00:01:10]} Be6
{[%clk 01:34:37]} {[%emt 00:00:04]} 19. a3 {[%clk 01:31:09]} {[%emt 00:00:50]}
c5 {[%clk 01:34:38]} {[%emt 00:00:29]} 20. Nd2 {[%clk 01:30:34]} {[%emt
00:01:05]} Kd7 {[%clk 01:34:35]} {[%emt 00:00:34]} 21. Kf2 {[%clk 01:29:41]}
{[%emt 00:01:23]} Kc6 {[%clk 01:34:46]} {[%emt 00:00:19]} 22. Ke3 {[%clk
01:29:31]} {[%emt 00:00:35]} f5 {[%clk 01:34:30]} {[%emt 00:00:51]} 23. h3
{[%clk 01:29:03]} {[%emt 00:00:58]} g6 {[%clk 01:33:30]} {[%emt 00:01:30]} 24.
Kd3 {[%clk 01:27:53]} {[%emt 00:01:39]} Bd5 {[%clk 01:33:19]} {[%emt 00:00:42]}
25. g4 {[%clk 01:28:04]} {[%emt 00:00:19]} fxg4 {[%clk 01:32:41]} {[%emt
00:01:07]} 26. hxg4 {[%clk 01:28:21]} {[%emt 00:00:14]} h5 {[%clk 01:32:54]}
{[%emt 00:00:16]} 27. gxh5 {[%clk 01:28:31]} {[%emt 00:00:20]} gxh5 {[%clk
01:33:19]} {[%emt 00:00:06]} 28. f5 {[%clk 01:28:19]} {[%emt 00:00:42]} Rf8
{[%clk 01:33:18]} {[%emt 00:00:31]} 29. Rf1 {[%clk 01:28:29]} {[%emt 00:00:19]}
h4 {[%clk 01:33:36]} {[%emt 00:00:13]} 30. Rf2 {[%clk 01:28:28]} {[%emt
00:00:30]} h3 {[%clk 01:33:40]} {[%emt 00:00:27]} 31. Rh2 {[%clk 01:27:05]}
{[%emt 00:01:52]} Bg2 {[%clk 01:33:58]} {[%emt 00:00:12]} 32. Ne4 {[%clk
01:22:48]} {[%emt 00:04:38]} Rxf5 {[%clk 01:33:15]} {[%emt 00:01:23]} 33. c4
{[%clk 01:21:53]} {[%emt 00:01:24]} Rf3+ {[%clk 01:32:15]} {[%emt 00:01:30]}
34. Ke2 {[%clk 01:21:25]} {[%emt 00:00:53]} Rxa3 {[%clk 01:32:35]} {[%emt
00:00:16]} 35. b5+ {[%clk 01:21:29]} {[%emt 00:00:25]} Kc7 {[%clk 01:32:42]}
{[%emt 00:00:24]} 36. Nf2 {[%clk 01:19:54]} {[%emt 00:02:04]} Ra2+ {[%clk
01:30:26]} {[%emt 00:02:47]} 37. Ke3 {[%clk 01:20:04]} {[%emt 00:00:19]} Rc2
{[%clk 01:30:46]} {[%emt 00:00:10]} 38. Nh1 {[%clk 01:17:38]} {[%emt 00:02:55]}
Rxc4 {[%clk 01:30:22]} {[%emt 00:00:56]} 39. Kd3 {[%clk 01:17:20]} {[%emt
00:00:47]} Ra4 {[%clk 01:30:35]} {[%emt 00:00:16]} 40. Kc3 {[%clk 01:15:36]}
{[%emt 00:02:08]} Ra2 {[%clk 01:29:37]} {[%emt 00:01:33]} 41. Ng3 {[%clk
00:56:29]} {[%emt 00:19:40]} Ra3+ {[%clk 01:29:18]} {[%emt 00:00:49]} 42. Kc4
{[%clk 00:56:25]} {[%emt 00:00:24]} Rxg3 {[%clk 01:29:45]} {[%emt 00:00:13]}
43. Rh1 {[%clk 00:56:10]} {[%emt 00:00:44]} Bxh1 {[%clk 01:30:09]} {[%emt
00:00:07]} 1/2-1/2

[Event "ODJM C 2025"]
[Site "Willingen GER"]
[Date "2025.06.12"]
[Round "7"]
[White "Bathmann, Sanaa Maria"]
[Black "Rafikov, Artur"]
[Result "1/2-1/2"]
[Termination "normal"]
[Board "17"]
[WhiteElo "1105"]
[BlackElo "1423"]
[WhiteClock "01:19:14"]
[BlackClock "00:22:38"]
[PlyCount "116"]
[WhiteFideId "34697322"]
[BlackFideId "34642676"]
[EventCountry "GER"]
[EventRounds "9"]
[EventType "swiss"]
[EventDate "2025.06.07"]

1. e4 {[%clk 01:30:56]} {[%emt 00:00:03]} e5 {[%clk 01:30:56]} {[%emt
00:00:04]} 2. Nf3 {[%clk 01:31:18]} {[%emt 00:00:08]} Nc6 {[%clk 01:31:20]}
{[%emt 00:00:07]} 3. Nc3 {[%clk 01:31:34]} {[%emt 00:00:14]} Nf6 {[%clk
01:31:38]} {[%emt 00:00:12]} 4. a3 {[%clk 01:31:05]} {[%emt 00:00:59]} Bc5
{[%clk 01:31:56]} {[%emt 00:00:12]} 5. Nxe5 {[%clk 01:31:21]} {[%emt 00:00:14]}
Nxe5 {[%clk 01:31:31]} {[%emt 00:00:55]} 6. d4 {[%clk 01:31:24]} {[%emt
00:00:26]} Bd6 {[%clk 01:31:25]} {[%emt 00:00:36]} 7. Bf4 {[%clk 01:30:22]}
{[%emt 00:01:28]} Ng6 {[%clk 01:30:03]} {[%emt 00:01:55]} 8. Bg5 {[%clk
01:30:15]} {[%emt 00:00:36]} Qe7 {[%clk 01:23:19]} {[%emt 00:07:17]} 9. e5
{[%clk 01:29:58]} {[%emt 00:00:43]} Bxe5 {[%emt 00:02:09]} 10. dxe5 {[%clk
01:29:52]} {[%emt 00:00:02]} Qxe5+ {[%clk 01:18:37]} {[%emt 00:04:10]} 11. Qe2
{[%clk 01:30:16]} {[%emt 00:00:06]} d6 {[%clk 01:17:17]} {[%emt 00:01:50]} 12.
f4 {[%clk 01:29:32]} {[%emt 00:01:13]} Qxe2+ {[%clk 01:16:18]} {[%emt
00:01:29]} 13. Bxe2 {[%clk 01:29:34]} {[%emt 00:00:30]} Bd7 {[%clk 01:15:26]}
{[%emt 00:01:20]} 14. O-O {[%clk 01:29:33]} {[%emt 00:00:32]} O-O-O {[%clk
01:13:29]} {[%emt 00:02:27]} 15. f5 {[%clk 01:29:01]} {[%emt 00:00:55]} Ne7
{[%clk 01:13:02]} {[%emt 00:01:03]} 16. Bd3 {[%clk 01:27:54]} {[%emt 00:01:32]}
h6 {[%clk 01:10:41]} {[%emt 00:02:57]} 17. Be3 {[%clk 01:28:03]} {[%emt
00:00:18]} Kb8 {[%clk 01:10:40]} {[%emt 00:00:34]} 18. Nb5 {[%clk 01:27:56]}
{[%emt 00:00:37]} Bxb5 {[%clk 01:06:57]} {[%emt 00:04:13]} 19. Bxb5 {[%clk
01:27:41]} {[%emt 00:00:45]} Rhg8 {[%clk 01:06:35]} {[%emt 00:00:51]} 20. Bf2
{[%clk 01:26:52]} {[%emt 00:01:19]} g6 {[%clk 01:06:11]} {[%emt 00:00:55]} 21.
Rfe1 {[%clk 01:26:50]} {[%emt 00:00:33]} Nxf5 {[%clk 01:05:45]} {[%emt
00:00:56]} 22. g4 {[%clk 01:23:27]} {[%emt 00:03:52]} Nxg4 {[%clk 00:57:41]}
{[%emt 00:08:34]} 23. Bd3 {[%clk 01:22:03]} {[%emt 00:01:49]} Nxf2 {[%clk
00:57:46]} {[%emt 00:00:29]} 24. Bxf5 {[%clk 01:22:26]} {[%emt 00:00:08]} gxf5+
{[%clk 00:57:58]} {[%emt 00:00:17]} 25. Kxf2 {[%clk 01:22:42]} {[%emt
00:00:15]} Rde8 {[%clk 00:57:09]} {[%emt 00:01:20]} 26. Rxe8+ {[%clk 01:22:39]}
{[%emt 00:00:32]} Rxe8 {[%clk 00:57:21]} {[%emt 00:00:16]} 27. Rg1 {[%clk
01:23:00]} {[%emt 00:00:10]} b6 {[%clk 00:53:29]} {[%emt 00:04:24]} 28. Rg7
{[%clk 01:22:55]} {[%emt 00:00:34]} Rf8 {[%clk 00:52:51]} {[%emt 00:01:08]} 29.
Rh7 {[%clk 01:22:16]} {[%emt 00:01:09]} f4 {[%clk 00:50:30]} {[%emt 00:02:51]}
30. Rxh6 {[%clk 01:22:05]} {[%emt 00:00:42]} Kc8 {[%clk 00:46:50]} {[%emt
00:04:09]} 31. Rh4 {[%clk 01:22:12]} {[%emt 00:00:23]} Kd7 {[%clk 00:46:06]}
{[%emt 00:01:14]} 32. Rxf4 {[%clk 01:22:29]} {[%emt 00:00:13]} f5 {[%clk
00:45:47]} {[%emt 00:00:48]} 33. h4 {[%clk 01:22:36]} {[%emt 00:00:25]} Ke6
{[%clk 00:44:16]} {[%emt 00:02:01]} 34. Kf3 {[%clk 01:22:06]} {[%emt 00:00:59]}
Kf6 {[%clk 00:40:31]} {[%emt 00:04:15]} 35. Rc4 {[%clk 01:22:10]} {[%emt
00:00:26]} Rf7 {[%clk 00:39:19]} {[%emt 00:01:40]} 36. b4 {[%clk 01:20:41]}
{[%emt 00:02:00]} Kg6 {[%clk 00:37:15]} {[%emt 00:02:35]} 37. Rc6 {[%clk
01:20:07]} {[%emt 00:01:04]} Kh5 {[%clk 00:35:28]} {[%emt 00:02:17]} 38. Rc4
{[%clk 01:20:00]} {[%emt 00:00:38]} Rg7 {[%clk 00:31:48]} {[%emt 00:04:07]} 39.
Rf4 {[%clk 01:18:57]} {[%emt 00:01:34]} Rg4 {[%clk 00:28:10]} {[%emt 00:04:07]}
40. Rxf5+ {[%clk 01:18:42]} {[%emt 00:00:48]} Kxh4 {[%clk 00:27:45]} {[%emt
00:00:54]} 41. Rf4 {[%clk 01:18:53]} {[%emt 00:00:20]} Rxf4+ {[%clk 00:27:13]}
{[%emt 00:01:02]} 42. Kxf4 {[%clk 01:18:49]} {[%emt 00:00:35]} Kh3 {[%clk
00:27:36]} {[%emt 00:00:07]} 43. Ke4 {[%clk 01:18:49]} {[%emt 00:00:28]} Kg3
{[%clk 00:26:46]} {[%emt 00:01:22]} 44. Kd5 {[%clk 01:18:54]} {[%emt 00:00:24]}
Kf3 {[%clk 00:27:05]} {[%emt 00:00:12]} 45. Kc6 {[%clk 01:18:56]} {[%emt
00:00:28]} Ke4 {[%clk 00:26:19]} {[%emt 00:01:16]} 46. Kxc7 {[%clk 01:19:06]}
{[%emt 00:00:20]} d5 {[%clk 00:25:31]} {[%emt 00:01:18]} 47. a4 {[%clk
01:19:12]} {[%emt 00:00:22]} Kd4 {[%clk 00:25:32]} {[%emt 00:00:30]} 48. Kb7
{[%clk 01:19:12]} {[%emt 00:00:31]} Kc3 {[%clk 00:25:31]} {[%emt 00:00:30]} 49.
a5 {[%clk 01:19:04]} {[%emt 00:00:39]} Kxc2 {[%clk 00:24:34]} {[%emt 00:01:26]}
50. a6 {[%clk 01:18:50]} {[%emt 00:00:44]} d4 {[%clk 00:24:42]} {[%emt
00:00:22]} 51. Kxa7 {[%clk 01:19:15]} {[%emt 00:00:05]} d3 {[%clk 00:25:00]}
{[%emt 00:00:12]} 52. Kxb6 {[%clk 01:19:36]} {[%emt 00:00:10]} d2 {[%clk
00:25:06]} {[%emt 00:00:23]} 53. a7 {[%clk 01:20:00]} {[%emt 00:00:07]} d1=Q
{[%emt 00:00:20]} 54. a8=Q {[%clk 01:20:22]} {[%emt 00:00:07]} Qd4+ {[%clk
00:25:30]} {[%emt 00:00:16]} 55. Kb5 {[%clk 01:20:34]} {[%emt 00:00:17]} Qe5+
{[%clk 00:25:13]} {[%emt 00:00:48]} 56. Kb6 {[%clk 01:19:17]} {[%emt 00:01:42]}
Qd4+ {[%clk 00:24:30]} {[%emt 00:01:18]} 57. Kb5 {[%clk 01:19:23]} {[%emt
00:00:18]} Qd3+ {[%clk 00:23:02]} {[%emt 00:02:04]} 58. Ka4 {[%clk 01:19:14]}
{[%emt 00:00:36]} Qb3+ {[%clk 00:22:38]} {[%emt 00:00:23]} 1/2-1/2